000 00287nam a22001337a 4500
003 SGT
020 _a978-1-4051-9474-7
082 _a618.92
_bP11R
100 _aRUDOLF, MARY
245 _aPEDIATRICS AND CHILD HEALTH
260 _aUK
_bWILEY
_c2011
300 _a486
942 _2ddc
_cBK
999 _c15186
_d15186